[Event "COL-ch visually impaired 2nd"]
[Site "Cali"]
[Date "2008.10.27"]
[Round "5.7"]
[White "Quintero Gomez, Jorge Luis"]
[Black "Alvarez, Juan Evangelista"]
[Result "1-0"]
[WhiteElo "1600"]
[BlackElo "1600"]
[PlyCount "59"]
[EventDate "2008.10.25"]
[EventType "swiss"]
[EventRounds "7"]
[EventCountry "COL"]
[SourceTitle "EXT 2024"]
[Source "ChessBase"]
[SourceDate "2023.10.10"]
[SourceVersion "1"]
[SourceVersionDate "2023.10.10"]
[SourceQuality "1"]

1. d4 d5 2. c4 Nf6 3. Nc3 Bf5 4. e3 e6 5. Nf3 Bb4 6. Bd3 Ne4 7. 0-0 Nxc3 8. bxc3 Bxc3 9. Rb1 0-0 10. Bxf5 exf5 11. Qc2 Ba5 12. Qxf5 dxc4 13. Qxa5 Nc6 14. Qc5 Qd7 15. Rxb7 Rfe8 16. Qxc4 Na5 17. Qxc7 Qxc7 18. Rxc7 Rab8 19. Bd2 Rb5 20. Bxa5 Rxa5 21. Ra1 h6 22. g3 Rb8 23. Ne5 Rb2 24. Nc4 Rbxa2 25. Rxa2 Rxa2 26. d5 Kf8 27. d6 Ke8 28. Re7+ Kf8 29. Re4 Ra1+ 30. Kg2 1-0

[Event "COL-ch visually impaired 2nd"]
[Site "Cali"]
[Date "2008.10.26"]
[Round "4.3"]
[White "Jaimes, Fredy Alexander"]
[Black "Quintero Gomez, Jorge Luis"]
[Result "1-0"]
[WhiteElo "1600"]
[BlackElo "1600"]
[PlyCount "45"]
[EventDate "2008.10.25"]
[EventType "swiss"]
[EventRounds "7"]
[EventCountry "COL"]
[SourceTitle "EXT 2024"]
[Source "ChessBase"]
[SourceDate "2023.10.10"]
[SourceVersion "1"]
[SourceVersionDate "2023.10.10"]
[SourceQuality "1"]

1. e4 e5 2. Nf3 Nc6 3. Bc4 Bc5 4. c3 d6 5. d4 exd4 6. cxd4 Bb4+ 7. Nc3 h6 8. 0-0 Bg4 9. h3 Bh5 10. Qb3 Nge7 11. g4 Bg6 12. d5 Bxc3 13. Qxc3 Nb8 14. Qxg7 Rh7 15. Qd4 Nd7 16. h4 h5 17. Ng5 c5 18. Qc3 hxg4 19. Nxh7 Bxh7 20. Qh8+ Ng8 21. Bh6 Ndf6 22. Bb5+ Ke7 23. Bg5 1-0